[Event "9. Copenhagen Open Politiken Cup"]
[Site "Copenhagen"]
[Date "1987.??.??"]
[Round "10"]
[White "Wicker, Kevin J"]
[Black "Way, J."]
[Result "1-0"]
[WhiteElo "2295"]
[BlackElo "2300"]
[PlyCount "105"]
[EventDate "1987.??.??"]
[EventType "swiss"]
[EventRounds "10"]
[EventCountry "DEN"]
[SourceDate "2004.01.01"]

1. d4 d5 2. Bg5 c6 3. e3 Qb6 4. Qc1 Bf5 5. Ne2 e6 6. Nd2 Nd7 7. c4 Bd3 8. Qc3
dxc4 9. a3 Ngf6 10. O-O-O Qb5 11. Bxf6 Nxf6 12. Nf4 Bxf1 13. Rhxf1 Nd5 14. Qxc4
Qxc4+ 15. Nxc4 Nxf4 16. exf4 Be7 17. f5 exf5 18. Rfe1 Kf8 19. Na5 Rd8 20. Nxb7
Rd5 21. Re5 f6 22. Rxd5 cxd5 23. Kd2 Ke8 24. Rc1 Kd7 25. Nc5+ Bxc5 26. Rxc5 Kd6
27. Ra5 Rb8 28. b4 Kc6 29. Ra6+ Kb5 30. Rd6 Kc4 31. Rd7 Kxd4 32. Rxg7 a6 33.
Rxh7 Kc4 34. Rc7+ Kd4 35. Rc6 Ke5 36. g3 Rh8 37. h4 f4 38. Rxa6 fxg3 39. fxg3
Rg8 40. b5 Rxg3 41. b6 Kd6 42. b7+ Kc7 43. Rb6 Kb8 44. a4 Rg4 45. a5 Rxh4 46.
a6 Rh8 47. Rxf6 d4 48. Kd3 Rg8 49. Rc6 Rh8 50. Kxd4 Rg8 51. Kc5 Ka7 52. Rc8
Rxc8+ 53. bxc8=R 1-0